Statistics for Countries by Las Vegas Casino

Click here to take the quiz!

General Stats

  • This quiz has been taken 391 times
  • The average score is 15 of 22

Answer Stats

Casino Country % Correct
ParisFrance
95%
New York New YorkUnited States (New York)
95%
Planet HollywoodUnited States (Hollywood)
93%
VenetianItaly
92%
The PalazzoItaly
88%
BellagioItaly
85%
LuxorEgypt
84%
Caesar's PalaceItaly
83%
O'Shea'sIreland
81%
RioBrazil
79%
Monte CarloMonaco
78%
TuscanyItaly
78%
ExcaliburEngland
75%
Ellis IslandUnited States (New York)
74%
The Quad (continent, not a country)Asia
49%
FlamingoUnited States (Miami)
49%
TropicanaUnited States (South Beach)
48%
Harrah'sUnited States (New Orleans)
47%
Silver SevensUnited States (wild west)
46%
Mandalay BayBurma
21%
EncoreChina
15%
The Mirage (region, not a country)Polynesia
2%

Score Distribution

Percentile by Number Answered

Percent of People with Each Score

Your Score History

You have not taken this quiz